00406nam a2200181Ia 4500008004100000020001800041050001400059100001900073245001200092245001900104260001500123260001600138260000900154300001600163300002700179300001000206500000800216170918s9999 xx 000 0 und d a9780545200400 bH682 2006 aHobbs, Valerie aSheep / cHobbs Valerie. aNew York : bScholastic, c2006 a115 pages : bcolored illustration ; c19cm. a660